000 00721nam a2200229 a 4500
005 20240828063732.0
008 031105s2002 mx r 000 0 spa d
020 _a8449312280
035 _aUPN01000130709
049 _aCG
050 4 _aN332 G3.3
_bB4.34
100 1 _aHochman, Elaine S.
245 1 3 _aLa bauhaus :
_bcrisol de la modernidad /
_cElaine S. Hochman ; tr. de Ramón Ibero.
260 _aBarcelona, Esp. :
_bPaidós,
_c2002.
300 _a413 p. :
_bil.
440 0 _aPaidós transiciones ;
_v39
534 _pTraducción de:
_tBauhaus : crucible of modernism
610 2 4 _aBAUHAUS -
_xHISTORIA
_93388
650 4 _aARTE ALEMAN -
_ySIGLO XX
_92436
650 0 _aEscuelas de arte
_919374
905 _aLibro
999 _c102866
_d102866